Mercaderes del espacio (Registro nro. 18314)

Detalles MARC
000 -CABECERA
Longitud fija campo de control 00668nam a2200217 a 4500
001 - NÚMERO DE CONTROL
Número de control ES-MaREB00602810-6
003 - IDENTIFICADOR DELl NÚMERO DE CONTROL
Identificador del número de control OSt
005 - FECHA Y HORA DE LA ÚLTIMA TRANSACCIÓN
Fecha y hora de la última transacción 20150209092927.0
008 - CÓDIGOS DE INFORMACIÓN DE LONGITUD FIJA
Códigos de información de longitud fija 031219s1973 esp 0001 spa d
040 ## - FUENTE DE LA CATALOGACIÓN
Centro transcriptor BMC
082 ## - NÚMERO DE LA CLASIFICACIÓN DECIMAL DEWEY
Númeroo de clasificación 808.0689
100 1# - PUNTO DE ACCESO PRINCIPAL-NOMBRE DE PERSONA
Nombre de persona Pohl, Frederik
9 (RLIN) 31361
Fechas asociadas al nombre 1919-2013
245 10 - MENCIÓN DE TÍTULO
Título Mercaderes del espacio
Mención de responsabilidad, etc. Frederik Pohl, C. M. Kornbluth ; [traducción, Luis Domenech]
250 ## - MENCIÓN DE EDICIÓN
Mención de edición 2ª ed
260 ## - PUBLICACIÓN, DISTRIBUCIÓN, ETC. (PIE DE IMPRENTA)
Lugar de publicación, distribución, etc. Buenos Aires
Nombre del editor, distribuidor, etc. Minotauro
Fecha de publicación, distribución, etc. 1973
300 ## - DESCRIPCIÓN FÍSICA
Extensión 212 p.
Dimensiones 20 cm
546 ## - NOTA DE LENGUA
Nota de lengua Traducción de: The space merchants
650 24 - PUNTO DE ACCESO ADICIONAL DE MATERIA - TÉRMINO DE MATERIA
9 (RLIN) 29320
Término de materia o nombre geográfico como elemento inicial Cuento de ciencia ficción
700 1# - PUNTO DE ACCESO ADICIONAL - NOMBRE DE PERSONA
Nombre de persona Kornbluth, C. M.
9 (RLIN) 31362
Fechas asociadas al nombre 1924-1958
942 ## - ENTRADA DE ELEMENTOS AGREGADOS (KOHA)
Fuente de clasificaión o esquema Dewey Decimal Classification
Koha [por defecto] tipo de item 1- Monografias
Parte de clasificación ahoj
Existencias
Suprimido Perdido Fuente de clasificación o esquema Estropeado Restricciones de uso No para préstamo Código de colección Localización permanente Localización actual Localización en estanter&íacute;as Fecha adquisición Fuente de adquisición Número de inventario Préstamos totales Signatura completa Código de barras Fecha última consulta Fecha último préstamo Coste, precio reemplazado Fecha del precio de reemplazo Tipo de item de Koha
NULL NULL Dewey Decimal Classification NULL Prestable NULL NULL Biblioteca Miguel de Cervantes - UNICAES Biblioteca Miguel de Cervantes - UNICAES Sala Principal 10/02/2015 Donación - Mayorga Rivas 027886 1 C POH mer 1028296 04/11/2019 04/11/2019 24.00 10/02/2015 1- Monografias